| 000 | 00730nam a2200193Ia 4500 | ||
|---|---|---|---|
| 008 | 151121s9999||||xx |||||||||||||| ||und|| | ||
| 082 | _a920/अंबिके | ||
| 082 | _bHNW-116301 | ||
| 100 | _aअंबिके विद्या | ||
| 245 | _aनारायण मूर्ती जीवन चरित्र | ||
| 260 | _b"मिरर प्रकाशन, पुणे।" | ||
| 260 | _c2014 | ||
| 300 | _a143 | ||
| 600 | _aअंबिके विद्या | ||
| 630 | _aनारायण मूर्ती जीवन चरित्र | ||
| 700 | _aअंबिके विद्या | ||
| 730 | _aनारायण मूर्ती जीवन चरित्र | ||
| 942 | _cBOOK | ||
| 999 |
_c1264948 _d1264945 |
||